| 000 | 00452nam a2200169Ia 4500 | ||
|---|---|---|---|
| 008 | 121030t1991 xxu||||| |||| 00| 0 sin d | ||
| 041 | _asin | ||
| 080 |
_aX8S1 _bSOO |
||
| 100 | _aVimal Sooriyaarachchi | ||
| 245 | _aතක්සලාවේ සැණකෙළි | ||
| 246 | _aThaksalave Senakeli | ||
| 260 |
_bGuru Gedara _aColombo 03 _c1991 |
||
| 300 | _b140p., 21 cm | ||
| 942 | _cBK | ||
| 999 |
_c75290 _d75290 |
||
| 003 | LK-CoDNM | ||
| 040 |
_aLK-CoDNM _dLK-CoDNM _eLK-CoDNM |
||